000 00440cam a22001457a 4500
008 180718b2004 xxu||||| |||| 00| 0 eng d
082 _aO1x54 T969/2004
100 _aTyagi, S.P.
245 _aMedical negligence
_cby S.P. Tyagi
260 _aDelhi
_bVinod
_c2004
300 _a922p.
650 _aConsumer protection - Law and legislation - India
650 _aMedical policy - India
650 _aMedical care - Law and legislation - India
999 _c404692
_d404692